[Event "CSS Freestyle 8th Final"]
[Site "playchess.com"]
[Date "2008.04.25"]
[Round "1"]
[White "Spaghetti Chess"]
[Black "Ultima"]
[Result "1/2-1/2"]
[WhiteElo "2549"]
[BlackElo "2600"]
[PlyCount "81"]
[EventDate "2008.04.25"]

1. e4 {83} c5 {13} 2. Nf3 {20} d6 {36} 3. d4 {49} cxd4 {0} 4. Nxd4 {82} Nf6 {12
} 5. Nc3 {11} a6 {18} 6. Be3 {30} e6 {23} 7. f3 {177} b5 {17} 8. Qd2 {22} Nbd7
{17} 9. g4 {16} b4 {23} 10. Na4 {23} h6 {13} 11. O-O-O {11} Ne5 {11} 12. Qxb4 {
62} Bd7 {13} 13. Bf4 {51} g5 {50} 14. Bd2 {22} Be7 {10} 15. h4 {11} Rb8 {45}
16. Qa3 {14} gxh4 {35} 17. Bb4 {100} Qc7 {86} 18. Bxa6 {17} O-O {24} 19. Rxh4 {
49} Bxa4 {42} 20. Qxa4 {185} Nxe4 {399} 21. Rh5 {28} Nf2 {585} 22. Rd2 {93} Ra8
{22} 23. Qa3 {289} Nc4 {21} 24. Qc3 {234} Rxa6 {153} 25. b3 {95} Rxa2 {17} 26.
bxc4 {16} Rc8 {172} 27. Rxf2 {99} Qxc4 {27} 28. Qxc4 {18} Rxc4 {0} 29. Kb1 {15}
Ra4 {67} 30. c3 {41} Raxb4+ {8} 31. cxb4 {18} Rxb4+ {0} 32. Kc2 {26} Rxd4 {19}
33. Rxh6 {19} d5 {37} 34. Rh1 {32} Kg7 {31} 35. Rb1 {127} Kg6 {159} 36. Rb7 {57
} Bg5 {18} 37. Rb8 {32} f5 {67} 38. Rg8+ {35} Kf6 {44} 39. Rg2 {34} fxg4 {9}
40. Rxg4 {14} Bf4 {6} 41. Rf8+ {
Spaghetti Chess offre la patta (Lag: Av=0.23s, max=0.4s) 21} 1/2-1/2

[Event "CSS Freestyle 8th Final"]
[Site "playchess.com"]
[Date "2008.04.25"]
[Round "2"]
[White "Luminarydebris"]
[Black "Enchanter"]
[Result "1/2-1/2"]
[WhiteElo "2487"]
[BlackElo "2555"]
[PlyCount "66"]
[EventDate "2008.04.25"]

1. e4 {3} c5 {14} 2. Nf3 {4} d6 {27} 3. d4 {5} cxd4 {3} 4. Nxd4 {0} Nf6 {2} 5.
Nc3 {4} a6 {4} 6. Be3 {8} e6 {9} 7. f3 {5} b5 {26} 8. Qd2 {10} Nbd7 {23} 9. g4
{12} b4 {11} 10. Na4 {7} h6 {8} 11. O-O-O {14} Ne5 {6} 12. Qxb4 {34} Bd7 {8}
13. Bf4 {6} g5 {6} 14. Bd2 {6} Be7 {45} 15. Be2 {10} Rb8 {119} 16. Qa3 {10} a5
{180} 17. h4 {1031} gxh4 {78} 18. Nb3 {179} Ng6 {98} 19. Kb1 {1570} Qc7 {86}
20. c4 {44} d5 {216} 21. Nac5 {30} dxe4 {777} 22. Na6 {35} Qc8 {10} 23. Qxa5 {
26} Bd8 {88} 24. Qa3 {8} Ra8 {61} 25. Nbc5 {25} Bc6 {3} 26. b4 {348} Nd7 {18}
27. b5 {232} Nxc5 {572} 28. Qxc5 {0} exf3 {13} 29. Bd3 {14} Rxa6 {180} 30. bxa6
{10} Qxa6 {5} 31. Bxg6 {138} fxg6 {26} 32. Bc3 {92} Be7 {267} 33. Qe5 {11} Rf8
{Enchanter bietet Remis (Lag: Av=0.33s, max=0.7s) 26} 1/2-1/2

[Event "CSS Freestyle 8th Final"]
[Site "playchess.com"]
[Date "2008.04.25"]
[Round "2"]
[White "Rybusia"]
[Black "Moro Gamgee"]
[Result "1/2-1/2"]
[WhiteElo "2476"]
[BlackElo "2481"]
[PlyCount "100"]
[EventDate "2008.04.25"]

1. d4 {13} d5 {24} 2. c4 {10} dxc4 {10} 3. Nf3 {16} Nf6 {28} 4. Qa4+ {13} c6 {
84} 5. Qxc4 {13} Bf5 {21} 6. g3 {9} e6 {17} 7. Bg2 {8} Nbd7 {10} 8. O-O {9} Be7
{14} 9. Nbd2 {14} a5 {757} 10. Qb3 {176} Nb6 {42} 11. a4 {19} Bb4 {141} 12. e3
{8} Ne4 {8} 13. Qd1 {201} O-O {45} 14. Nb3 {293} Nd6 {711} 15. Ne5 {785} f6 {3}
16. Nd3 {11} Nd5 {10} 17. f3 {74} Bxd3 {212} 18. Qxd3 {6} Qe7 {1} 19. e4 {86}
Nb6 {15} 20. Bd2 {326} Ndc4 {623} 21. Bc3 {8} Rad8 {14} 22. Rfc1 {353} f5 {214}
23. f4 {11} e5 {5} 24. fxe5 {51} Nxe5 {20} 25. Bxb4 {19} axb4 {305} 26. Qe2 {27
} Ned7 {212} 27. e5 {256} f4 {52} 28. a5 {27} Nd5 {3} 29. Bxd5+ {333} cxd5 {33}
30. Rf1 {70} fxg3 {21} 31. hxg3 {12} Rxf1+ {4} 32. Rxf1 {15} Nf8 {3} 33. e6 {
114} Qd6 {64} 34. Qg4 {8} h5 {5} 35. Qf3 {11} Qxe6 {7} 36. Nc5 {15} Qg6 {77}
37. Nxb7 {12} Re8 {4} 38. g4 {215} Ne6 {10} 39. Qf5 {19} Qxf5 {64} 40. Rxf5 {5}
Rb8 {4} 41. Nd6 {111} Rd8 {25} 42. Rxd5 {19} hxg4 {24} 43. Nf5 {107} Rxd5 {3}
44. Ne7+ {16} Kf7 {3} 45. Nxd5 {17} Nxd4 {3} 46. Nxb4 {15} Ke6 {3} 47. Nc2 {29}
Nb5 {31} 48. Kg2 {19} Kd5 {30} 49. Kg3 {17} Kc4 {17} 50. Kxg4 {19} Kb3 {
Rybusia offers a draw (Lag: Av=0.28s, max=1.1s) 23} 1/2-1/2

[Event "CSS Freestyle 8th Final"]
[Site "playchess.com"]
[Date "2008.04.25"]
[Round "2"]
[White "Snuggles"]
[Black "Flyingfatman"]
[Result "1/2-1/2"]
[WhiteElo "2537"]
[BlackElo "2565"]
[PlyCount "135"]
[EventDate "2008.04.25"]

1. e4 {3} c6 {5} 2. d4 {3} d5 {7} 3. Nd2 {2} dxe4 {46} 4. Nxe4 {3} Bf5 {11} 5.
Ng3 {16} Bg6 {16} 6. h4 {3} h6 {21} 7. Nf3 {5} Nd7 {12} 8. h5 {4} Bh7 {8} 9.
Bd3 {4} Bxd3 {15} 10. Qxd3 {0} e6 {18} 11. Bf4 {109} Qa5+ {39} 12. Bd2 {28} Bb4
{46} 13. Ne4 {1896} Bxd2+ {277} 14. Nfxd2 {51} Ngf6 {27} 15. Nd6+ {4} Ke7 {14}
16. N6c4 {132} Qc7 {134} 17. Ne4 {315} Nxe4 {87} 18. Qxe4 {
Snuggles bietet Remis 0} Rhd8 {91} 19. O-O-O {293} Nf6 {51} 20. Qf3 {4} Kf8 {70
} 21. Ne5 {45} Kg8 {65} 22. Qe2 {128} c5 {86} 23. dxc5 {17} Qxc5 {20} 24. g4 {
86} Rd5 {193} 25. Rhe1 {46} Rad8 {206} 26. Rxd5 {13} Nxd5 {30} 27. Qd2 {46} a5
{143} 28. Kb1 {105} Qc7 {34} 29. f4 {12} Nf6 {157} 30. Qe3 {9} Qd6 {21} 31. Kc1
{80} a4 {90} 32. a3 {42} Qd4 {97} 33. c3 {44} Qxe3+ {69} 34. Rxe3 {0} Kf8 {67}
35. Kc2 {74} Ke7 {13} 36. f5 {57} Rd6 {50} 37. fxe6 {54} Rxe6 {19} 38. Kd3 {167
} Nd7 {23} 39. Nf3 {21} b6 {220} 40. Rxe6+ {21} Kxe6 {62} 41. Ke4 {28} Nc5+ {40
} 42. Kd4 {56} f5 {26} 43. gxf5+ {10} Kxf5 {11} 44. Nd2 {127} Ne6+ {34} 45. Ke3
{17} Kg4 {20} 46. Nc4 {3} b5 {38} 47. Nb6 {29} Kxh5 {22} 48. c4 {2} bxc4 {20}
49. Nxa4 {2} Kg4 {18} 50. Kf2 {6} h5 {94} 51. Nb6 {11} c3 {37} 52. bxc3 {0} Nc5
{14} 53. Nd5 {12} g5 {137} 54. Nf6+ {6} Kh4 {4} 55. Kg2 {53} g4 {10} 56. Nh7 {
15} Na4 {15} 57. c4 {5} Nc5 {12} 58. Kh2 {21} Nd3 {34} 59. Kg2 {9} Nf4+ {18}
60. Kh1 {6} Kg3 {37} 61. c5 {35} Ne6 {' 153} 62. c6 {5} Kf2 {59} 63. Nf6 {4} g3
{15} 64. Ne4+ {22} Kf3 {7} 65. Nd2+ {5} Kf4 {7} 66. Kg2 {43} h4 {8} 67. Nf1 {6}
Ke5 {Flyingfatman offers a draw 57} 68. Nxg3 {
Snuggles bietet Remis (Lag: Av=0.85s, max=5.8s) 32} 1/2-1/2

[Event "CSS Freestyle 8th Final"]
[Site "playchess.com"]
[Date "2008.04.25"]
[Round "2"]
[White "Ultima"]
[Black "Regina H-Milch"]
[Result "1/2-1/2"]
[WhiteElo "1756"]
[BlackElo "1738"]
[PlyCount "127"]
[EventDate "2008.04.25"]
[TimeControl "3600+15"]

1. e4 {2} c5 {23} 2. Nf3 {12} d6 {54} 3. d4 {2} cxd4 {1} 4. Nxd4 {0} Nf6 {43}
5. Nc3 {2} a6 {51} 6. Be3 {2} e5 {72} 7. Nb3 {4} Be6 {21} 8. f3 {8} Be7 {15} 9.
Qd2 {15} O-O {121} 10. O-O-O {7} Nbd7 {25} 11. g4 {4} b5 {33} 12. g5 {15} b4 {
83} 13. Ne2 {7} Ne8 {27} 14. f4 {2} a5 {62} 15. f5 {8} a4 {68} 16. Nbd4 {10}
exd4 {103} 17. Nxd4 {0} b3 {34} 18. Kb1 {1} bxc2+ {77} 19. Nxc2 {0} Bb3 {57}
20. axb3 {0} axb3 {2} 21. Na3 {1} Ne5 {87} 22. Qg2 {36} Qb8 {180} 23. Bf4 {7}
Ra4 {858} 24. f6 {10} Bd8 {78} 25. Bxe5 {2} dxe5 {11} 26. Bb5 {2} Rd4 {106} 27.
Bc4 {140} Nd6 {40} 28. Bd5 {7} Qa7 {85} 29. fxg7 {40} Kxg7 {41} 30. Qg3 {3} Qe7
{367} 31. Qf3 {366} Bb6 {124} 32. h4 {336} Bc5 {19} 33. Rxd4 {58} exd4 {89} 34.
Nc4 {570} Nxc4 {42} 35. Bxc4 {13} Qe5 {57} 36. Bxb3 {10} f5 {189} 37. exf5 {226
} Qxf5+ {33} 38. Qxf5 {8} Rxf5 {2} 39. Bc4 {1} Rf3 {98} 40. Bd5 {90} Rf8 {144}
41. Be4 {457} Be7 {187} 42. Re1 {155} Rf4 {147} 43. Bd3 {10} Kf8 {98} 44. Rh1 {
12} Kg7 {14} 45. Kc2 {104} Rf3 {88} 46. Ra1 {. 166} Rh3 {29} 47. Ra7 {140} Kf8
{8} 48. Ra8+ {5} Kg7 {10} 49. Bc4 {884} d3+ {44} 50. Kc3 {4} d2+ {42} 51. Kxd2
{16} Bf8 {15} 52. Ra7+ {21} Kh8 {13} 53. Rf7 {217} Bb4+ {9} 54. Kc2 {8} Rxh4 {
11} 55. Rc7 {18} Rf4 {18} 56. Be6 {40} Bd6 {25} 57. Rd7 {13} Rf2+ {20} 58. Kd3
{7} Bf8 {19} 59. Rb7 {16} Rg2 {11} 60. b4 {19} Rxg5 {12} 61. b5 {5} Re5 {14}
62. Bf7 {39} Bc5 {10} 63. Kc4 {13} h5 {16} 64. Rc7 {
Ultima offre la patta (Lag: Av=0.28s, max=1.3s) 17} 1/2-1/2

[Event "CSS Freestyle 8th Final"]
[Site "playchess.com"]
[Date "2008.04.25"]
[Round "3"]
[White "Moro Gamgee"]
[Black "Spaghetti Chess"]
[Result "1/2-1/2"]
[WhiteElo "2481"]
[BlackElo "2546"]
[PlyCount "41"]
[EventDate "2008.04.25"]

1. e4 {20} c5 {22} 2. Nc3 {58} d6 {16} 3. Nge2 {34} Nf6 {38} 4. d4 {10} cxd4 {
26} 5. Nxd4 {11} a6 {28} 6. Be3 {70} e5 {13} 7. Nb3 {65} Be6 {34} 8. f3 {71}
Be7 {19} 9. Qd2 {25} O-O {54} 10. O-O-O {17} Nbd7 {11} 11. g4 {8} b5 {60} 12.
g5 {79} Nh5 {39} 13. Kb1 {141} Nb6 {63} 14. Nd5 {82} Nxd5 {31} 15. exd5 {13}
Bf5 {29} 16. Na5 {55} f6 {103} 17. Nc6 {240} Qd7 {69} 18. h4 {18} Ng3 {73} 19.
Rg1 {45} Nxf1 {157} 20. Rgxf1 {167} Bg6 {922} 21. Rf2 {
Moro Gamgee offers a draw (Lag: Av=0.71s, max=1.4s) 601} 1/2-1/2

[Event "CSS Freestyle 8th Final"]
[Site "playchess.com"]
[Date "2008.04.25"]
[Round "3"]
[White "Regina H-Milch"]
[Black "Luminarydebris"]
[Result "1/2-1/2"]
[WhiteElo "2477"]
[BlackElo "2490"]
[PlyCount "93"]
[EventDate "2008.04.25"]

1. d4 {8} Nf6 {7} 2. c4 {53} g6 {6} 3. Nc3 {46} d5 {8} 4. cxd5 {78} Nxd5 {0} 5.
e4 {40} Nxc3 {6} 6. bxc3 {18} Bg7 {6} 7. Nf3 {90} c5 {10} 8. Rb1 {53} O-O {7}
9. Be2 {60} cxd4 {8} 10. cxd4 {33} Qa5+ {6} 11. Bd2 {171} Qxa2 {7} 12. O-O {29}
Bg4 {8} 13. Bg5 {162} h6 {8} 14. Be3 {60} Nc6 {11} 15. d5 {251} Bxf3 {16} 16.
Bxf3 {71} Ne5 {11} 17. Rxb7 {168} a5 {13} 18. Rxe7 {152} a4 {26} 19. Bd4 {133}
Nxf3+ {9} 20. gxf3 {35} Bxd4 {26} 21. Qxd4 {74} a3 {12} 22. d6 {208} Qe2 {23}
23. Kg2 {27} a2 {10} 24. Ra1 {242} Ra3 {18} 25. Qf6 {134} Rb3 {8} 26. Rg1 {139}
Rb1 {38} 27. Ra7 {56} g5 {11} 28. d7 {206} Rb2 {12} 29. Rf1 {37} Rb1 {9} 30.
Qa6 {48} Qxf1+ {9} 31. Qxf1 {71} Rxf1 {0} 32. Kxf1 {29} Rd8 {7} 33. Rxa2 {72}
Rxd7 {7} 34. Kg2 {57} Kg7 {Luminarydebris offers a draw 327} 35. f4 {130} Rd4 {
132} 36. Kf3 {138} f5 {274} 37. fxg5 {170} hxg5 {31} 38. exf5 {111} Rf4+ {6}
39. Kg3 {30} Rxf5 {Luminarydebris offers a draw 107} 40. Kg4 {34} Re5 {108} 41.
Ra7+ {37} Kf6 {43} 42. Ra6+ {48} Kf7 {128} 43. f3 {26} Re2 {93} 44. Ra7+ {52}
Ke6 {181} 45. Kg3 {60} Re1 {106} 46. Ra6+ {36} Kf5 {
Regina H-Milch bietet Remis 29} 47. Ra5+ {(Lag: Av=0.48s, max=1.5s) 29} 1/2-1/2

[Event "CSS Freestyle 8th Final"]
[Site "playchess.com"]
[Date "2008.04.25"]
[Round "3"]
[White "Enchanter"]
[Black "Snuggles"]
[Result "1-0"]
[WhiteElo "2551"]
[BlackElo "2538"]
[PlyCount "75"]
[EventDate "2008.04.25"]

1. e4 {16} c5 {4} 2. Nf3 {32} Nc6 {7} 3. d4 {6} cxd4 {2} 4. Nxd4 {4} Nf6 {3} 5.
Nc3 {9} e5 {3} 6. Ndb5 {11} d6 {6} 7. Bg5 {7} a6 {1} 8. Na3 {13} b5 {5} 9. Bxf6
{3} gxf6 {7} 10. Nd5 {1} f5 {14} 11. Bd3 {9} Be6 {2} 12. O-O {10} Bxd5 {149}
13. exd5 {65} Ne7 {3} 14. Nxb5 {6} Bg7 {14} 15. Nc3 {20} e4 {29} 16. Bc4 {40}
Ng6 {357} 17. Qh5 {189} Bxc3 {52} 18. bxc3 {29} Qf6 {3} 19. Qh6 {15} Qxc3 {27}
20. Be2 {11} Qe5 {1236} 21. f3 {682} Qxd5 {939} 22. fxe4 {15} fxe4 {3} 23. Rad1
{68} Qe5 {325} 24. c4 {27} Rc8 {29} 25. Rd5 {63} Qb2 {6} 26. Bd1 {468} Qb4 {32}
27. Bb3 {61} Rc6 {402} 28. Kh1 {90} Qc3 {183} 29. Rc1 {177} Qb4 {25} 30. Rcd1 {
53} Kd7 {25} 31. c5 {40} Kc8 {68} 32. Rxd6 {57} Rxd6 {6} 33. cxd6 {11} Kb8 {20}
34. Qg5 {92} f6 {105} 35. Qxf6 {. 40} Qb6 {4} 36. Bc2 {51} Rf8 {12} 37. Qg7 {32
} Qc6 {37} 38. Rb1+ {Snuggles gibt auf (Lag: Av=0.23s, max=0.9s) 23} 1-0

[Event "CSS Freestyle 8th Final"]
[Site "playchess.com"]
[Date "2008.04.25"]
[Round "3"]
[White "Flyingfatman"]
[Black "Rybusia"]
[Result "0-1"]
[WhiteElo "2563"]
[BlackElo "2476"]
[PlyCount "106"]
[EventDate "2008.04.25"]

1. e4 {9} c5 {21} 2. Nf3 {6} e6 {9} 3. Nc3 {62} Nc6 {9} 4. d4 {23} cxd4 {7} 5.
Nxd4 {2} Nf6 {8} 6. Ndb5 {30} d6 {10} 7. Bf4 {19} e5 {8} 8. Bg5 {18} a6 {9} 9.
Na3 {10} b5 {10} 10. Nd5 {8} Be7 {11} 11. Bxf6 {12} Bxf6 {11} 12. c3 {2} Ne7 {
16} 13. Nxf6+ {33} gxf6 {10} 14. Qf3 {87} f5 {21} 15. exf5 {13} Bxf5 {15} 16.
Bd3 {10} Be6 {15} 17. O-O {125} O-O {70} 18. c4 {103} bxc4 {463} 19. Bxc4 {11}
d5 {19} 20. Rad1 {2} f6 {32} 21. Nb1 {347} Qb6 {19} 22. Bb3 {14} Kh8 {12} 23.
Rfe1 {19} Bg8 {23} 24. Nc3 {21} d4 {20} 25. Bxg8 {4} Rxg8 {32} 26. Ne4 {9} Raf8
{409} 27. Qa3 {11} Nd5 {137} 28. g3 {19} Rd8 {36} 29. Rd2 {231} f5 {103} 30.
Nc5 {42} Qc6 {15} 31. f3 {646} Rde8 {305} 32. b4 {249} Rg6 {258} 33. Rf2 {470}
Ne3 {106} 34. Qc1 {164} h5 {93} 35. Rxe3 {208} dxe3 {17} 36. Qxe3 {0} f4 {37}
37. Qd3 {113} fxg3 {18} 38. hxg3 {0} Rxg3+ {17} 39. Kh2 {1} Rg6 {238} 40. Qf5 {
119} Qf6 {62} 41. Qxf6+ {5} Rxf6 {7} 42. Kg2 {51} Rg8+ {59} 43. Kh3 {92} Kh7 {
250} 44. Nd7 {280} Rf5 {92} 45. Nc5 {17} Kh6 {12} 46. a3 {21} h4 {67} 47. Ne4 {
5} Rf4 {13} 48. Kh2 {151} Rd8 {31} 49. Nc5 {24} Rdf8 {25} 50. Kg2 {29} Rg8+ {15
} 51. Kf1 {43} Rg3 {34} 52. Ke2 {25} h3 {10} 53. Ne4 {75} Rg2 {
Flyingfatman resigns (Lag: Av=0.57s, max=1.4s) 34} 0-1

[Event "CSS Freestyle 8th Final"]
[Site "playchess.com"]
[Date "2008.04.26"]
[Round "4"]
[White "Snuggles"]
[Black "Regina H-Milch"]
[Result "1/2-1/2"]
[WhiteElo "2522"]
[BlackElo "2478"]
[PlyCount "73"]
[EventDate "2008.04.25"]

1. d4 {3} Nf6 {36} 2. c4 {4} e6 {38} 3. Nc3 {44} d5 {32} 4. cxd5 {4} exd5 {50}
5. Bg5 {4} Be7 {47} 6. e3 {9} c6 {78} 7. Bd3 {8} Nbd7 {115} 8. Qc2 {7} O-O {56}
9. Nf3 {19} Re8 {44} 10. O-O {12} Nf8 {57} 11. h3 {11} Ng6 {195} 12. Bxf6 {598}
Bxf6 {19} 13. b4 {2} Be6 {187} 14. Na4 {118} b6 {126} 15. Rab1 {694} Rc8 {229}
16. a3 {494} Be7 {100} 17. Nc3 {18} Bd6 {121} 18. Rfc1 {111} Kh8 {309} 19. Rb3
{60} Nh4 {255} 20. Nxh4 {112} Qxh4 {7} 21. Bf5 {16} Qg5 {406} 22. Bxe6 {22}
Rxe6 {6} 23. Ne2 {91} h5 {83} 24. Rc3 {15} h4 {80} 25. Kh1 {5} Rg6 {42} 26. Rg1
{3} Qd8 {322} 27. Nc1 {37} Qe8 {51} 28. Nd3 {5} a5 {270} 29. bxa5 {14} bxa5 {6}
30. Ne1 {12} Qe4 {86} 31. Rxc6 {38} Qxc2 {58} 32. Rxc2 {0} Rxc2 {65} 33. Nxc2 {
0} Rf6 {23} 34. f4 {185} g5 {106} 35. g3 {136} hxg3 {59} 36. Rxg3 {0} gxf4 {21}
37. exf4 {Snuggles bietet Remis (Lag: Av=0.23s, max=0.7s) 0} 1/2-1/2

[Event "CSS Freestyle 8th Final"]
[Site "playchess.com"]
[Date "2008.04.26"]
[Round "4"]
[White "Rybusia"]
[Black "Enchanter"]
[Result "1-0"]
[WhiteElo "2497"]
[BlackElo "2568"]
[PlyCount "98"]
[EventDate "2008.04.25"]

1. d4 {5} d5 {20} 2. c4 {13} c6 {26} 3. Nf3 {13} Nf6 {19} 4. Qc2 {19} g6 {84}
5. Bf4 {43} Bg7 {35} 6. e3 {15} O-O {24} 7. Nc3 {13} Na6 {137} 8. a3 {292} Nh5
{398} 9. Be5 {9} f6 {11} 10. Bg3 {8} Be6 {100} 11. Qb3 {187} Nxg3 {186} 12.
hxg3 {6} Rb8 {37} 13. cxd5 {685} cxd5 {101} 14. Rc1 {9} Nc7 {227} 15. Be2 {8}
Qd6 {83} 16. O-O {7} Rfc8 {5} 17. Na4 {38} b6 {94} 18. Rc2 {23} Bd7 {247} 19.
Rfc1 {120} Kf8 {176} 20. Nc3 {571} Bf5 {197} 21. Rd2 {17} Ra8 {247} 22. Ne1 {21
} Bd7 {240} 23. Nd3 {70} a5 {85} 24. Nf4 {109} Bh6 {70} 25. Rdc2 {48} a4 {52}
26. Qa2 {15} Bxf4 {7} 27. gxf4 {6} Bf5 {5} 28. Rd2 {13} Kg7 {39} 29. g4 {28}
Be6 {55} 30. Qb1 {9} Bd7 {51} 31. Kg2 {26} b5 {36} 32. Na2 {11} Rab8 {58} 33.
Rdc2 {548} Na6 {78} 34. Rxc8 {55} Bxc8 {38} 35. Rh1 {23} e5 {76} 36. Qg1 {67}
exf4 {43} 37. Qh2 {9} f3+ {3} 38. Bxf3 {13} Qxh2+ {5} 39. Kxh2 {10} Be6 {49}
40. Rc1 {15} Rb6 {30} 41. Nb4 {89} Nxb4 {22} 42. axb4 {13} Kf8 {142} 43. Rc7 {
13} h6 {6} 44. Kg3 {16} Rb8 {101} 45. Be2 {14} g5 {231} 46. Bd3 {25} Bf7 {51}
47. Rc5 {16} Be8 {3} 48. Rxd5 {11} Rb6 {5} 49. Rc5 {39} Rc6 {
Enchanter gibt auf (Lag: Av=0.22s, max=0.8s) 10} 1-0

[Event "CSS Freestyle 8th Final"]
[Site "playchess.com"]
[Date "2008.04.26"]
[Round "4"]
[White "Spaghetti Chess"]
[Black "Flyingfatman"]
[Result "1-0"]
[WhiteElo "2543"]
[BlackElo "2542"]
[PlyCount "127"]
[EventDate "2008.04.25"]

1. e4 {32} c6 {15} 2. d4 {49} d5 {8} 3. e5 {181} Bf5 {28} 4. Nc3 {24} e6 {28}
5. g4 {84} Bg6 {22} 6. Nge2 {12} Ne7 {27} 7. f4 {213} h5 {28} 8. f5 {69} exf5 {
23} 9. g5 {25} c5 {36} 10. dxc5 {31} Nec6 {85} 11. Bg2 {186} d4 {222} 12. Nd5 {
20} Bxc5 {118} 13. b4 {11} Bb6 {25} 14. b5 {204} Ba5+ {25} 15. Kf1 {244} Nxe5 {
54} 16. Qxd4 {19} Nbd7 {83} 17. Ba3 {412} Bb6 {232} 18. Qf4 {127} Qc8 {385} 19.
Re1 {467} Bc5 {29} 20. Bb2 {12} Bd6 {41} 21. Nc1 {31} O-O {11} 22. Bxe5 {123}
Nxe5 {10} 23. Qxe5 {20} Rd8 {195} 24. Qc3 {241} Qd7 {18} 25. Qb3 {128} h4 {266}
26. Nd3 {122} Re8 {25} 27. Kf2 {189} f4 {160} 28. Rxe8+ {49} Rxe8 {13} 29. Re1
{3} Rxe1 {141} 30. Nxe1 {4} Qg4 {6} 31. Qc4 {121} b6 {49} 32. Nd3 {57} Qxg5 {18
} 33. Be4 {3} Bxe4 {77} 34. Qxe4 {5} f3 {17} 35. Kxf3 {5} Qh5+ {122} 36. Kf2 {
20} Bxh2 {7} 37. Ne7+ {20} Kf8 {15} 38. Nf5 {6} Kg8 {11} 39. Kg2 {51} Bc7 {33}
40. Nf2 {46} Qg5+ {140} 41. Ng4 {4} Bd6 {94} 42. Nxd6 {20} Qd2+ {12} 43. Kh3 {4
} Qxd6 {11} 44. Kxh4 {4} Qd7 {38} 45. Qc4 {5} Qd8+ {49} 46. Kg3 {21} Qd6+ {9}
47. Kf3 {58} Qa3+ {68} 48. c3 {52} Qd6 {21} 49. Ne3 {39} Qa3 {58} 50. Ke2 {62}
g6 {20} 51. Qb3 {24} Qc1 {75} 52. a4 {12} Kg7 {23} 53. Qb4 {16} Qa1 {29} 54.
Qd4+ {11} Kg8 {12} 55. Nd5 {33} Qb2+ {29} 56. Kf3 {19} Qb1 {23} 57. Ne7+ {7}
Kh7 {16} 58. Nc6 {39} a6 {42} 59. c4 {34} axb5 {22} 60. cxb5 {35} Qf5+ {20} 61.
Ke2 {7} Qc2+ {23} 62. Ke3 {6} Qb1 {22} 63. Ne5 {14} Kg8 {74} 64. Kf2 {
Flyingfatman resigns (Lag: Av=0.63s, max=1.1s) 36} 1-0

[Event "CSS Freestyle 8th Final"]
[Site "playchess.com"]
[Date "2008.04.26"]
[Round "4"]
[White "Ultima"]
[Black "Luminarydebris"]
[Result "1-0"]
[WhiteElo "2597"]
[BlackElo "2490"]
[PlyCount "155"]
[EventDate "2008.04.25"]

1. e4 {1} c5 {2} 2. Nf3 {24} d6 {4} 3. d4 {7} cxd4 {7} 4. Nxd4 {0} Nf6 {2} 5.
Nc3 {5} a6 {2} 6. Be3 {4} e5 {7} 7. Nb3 {10} Be6 {11} 8. f3 {12} Be7 {10} 9.
Qd2 {4} O-O {8} 10. O-O-O {9} Nbd7 {9} 11. g4 {5} b5 {8} 12. g5 {8} b4 {12} 13.
Ne2 {2} Ne8 {7} 14. f4 {4} a5 {7} 15. f5 {1} a4 {7} 16. Nbd4 {5} exd4 {9} 17.
Nxd4 {0} b3 {3} 18. Kb1 {10} bxc2+ {3} 19. Nxc2 {0} Bb3 {4} 20. axb3 {0} axb3 {
3} 21. Na3 {1} Ne5 {3} 22. Bf4 {16} Ra5 {607} 23. Qg2 {23} Qa8 {25} 24. h4 {60}
f6 {1971} 25. Rh3 {344} d5 {52} 26. gxf6 {416} Bxa3 {29} 27. bxa3 {132} Nc4 {6}
28. Bxc4 {123} dxc4 {0} 29. fxg7 {1} Rfxf5 {633} 30. Bc1 {17} Rf7 {39} 31. Rc3
{. 779} Qc6 {9} 32. Rd4 {1257} Rc5 {8} 33. Qe2 {16} Rc7 {88} 34. Bb2 {12} h6 {
247} 35. Rd5 {9} Rxd5 {80} 36. exd5 {0} Qg6+ {3} 37. Ka1 {9} Nxg7 {41} 38. Qe5
{19} Rf7 {137} 39. Rxc4 {23} Rf1+ {4} 40. Bc1 {13} Qg2 {13} 41. Qb8+ {10} Kh7 {
3} 42. Qxb3 {6} Qxd5 {6} 43. Qc2+ {57} Kg8 {34} 44. a4 {324} Nf5 {55} 45. Kb1 {
77} Qb7+ {27} 46. Qb2 {16} Qd5 {28} 47. Qa2 {32} Qd3+ {3} 48. Qc2 {9} Qxc2+ {17
} 49. Kxc2 {0} Kf7 {27} 50. a5 {23} Rg1 {3} 51. a6 {56} Rg8 {12} 52. h5 {100}
Ra8 {14} 53. Ra4 {9} Ng3 {13} 54. a7 {39} Nxh5 {8} 55. Be3 {5} Nf6 {12} 56. Rb4
{44} Nd5 {43} 57. Rb7+ {11} Ke6 {5} 58. Bc5 {64} h5 {8} 59. Kd3 {8} h4 {15} 60.
Rb8 {59} Nc7 {10} 61. Ke4 {4} h3 {22} 62. Kf3 {7} Kd7 {16} 63. Kg3 {42} Kc6 {18
} 64. Be3 {32} h2 {9} 65. Kxh2 {10} Kd5 {17} 66. Kg3 {17} Ke4 {21} 67. Kf2 {29}
Kf5 {12} 68. Ke2 {20} Ke6 {22} 69. Kd3 {18} Kd5 {8} 70. Bd4 {14} Kd6 {12} 71.
Kc4 {11} Kc6 {12} 72. Bg1 {11} Kd7 {10} 73. Rxa8 {11} Nxa8 {8} 74. Kb5 {9} Nc7+
{2} 75. Kb6 {11} Kc8 {1} 76. Kc6 {10} Na8 {1} 77. Bf2 {10} Nc7 {6} 78. Be1 {
Luminarydebris resigns (Lag: Av=0.47s, max=1.0s) 9} 1-0

[Event "CSS Freestyle 8th Final"]
[Site "playchess.com"]
[Date "2008.04.26"]
[Round "5"]
[White "Moro Gamgee"]
[Black "Ultima"]
[Result "1/2-1/2"]
[WhiteElo "2484"]
[BlackElo "2609"]
[PlyCount "75"]
[EventDate "2008.04.25"]
[TimeControl "3600+15"]

1. Nf3 {14} d5 {9} 2. d4 {6} Nf6 {3} 3. c4 {7} c6 {6} 4. Nc3 {6} e6 {8} 5. Bg5
{6} dxc4 {10} 6. e4 {7} b5 {3} 7. e5 {5} h6 {3} 8. Bh4 {5} g5 {4} 9. Nxg5 {5}
hxg5 {0} 10. Bxg5 {4} Nbd7 {2} 11. g3 {16} Bb7 {6} 12. Bg2 {8} Qb6 {5} 13. exf6
{6} O-O-O {4} 14. O-O {5} c5 {1} 15. d5 {5} b4 {1} 16. Na4 {5} Qb5 {4} 17. a3 {
5} Nb8 {7} 18. axb4 {6} cxb4 {12} 19. Qd4 {14} Nc6 {7} 20. dxc6 {6} Rxd4 {0}
21. cxb7+ {4} Kb8 {1} 22. Be3 {4} e5 {5} 23. Rfe1 {3} Bc5 {221} 24. Bf1 {4} Bd6
{231} 25. b3 {10} Qxb7 {119} 26. bxc4 {3} b3 {1330} 27. Bxd4 {336} exd4 {10}
28. c5 {2} Bc7 {26} 29. Nb2 {3} a5 {217} 30. Nd3 {42} Kc8 {194} 31. Ra3 {433}
Qd5 {412} 32. Rb1 {3} Rh6 {258} 33. Raxb3 {716} Rxf6 {7} 34. Bg2 {208} Qf5 {85}
35. R1b2 {5} Re6 {111} 36. Rd2 {124} Re7 {81} 37. Rbb2 {491} f6 {175} 38. Ra2 {
Moro Gamgee offers a draw (Lag: Av=0.21s, max=0.8s) 193} 1/2-1/2